| 000 | 00443pab a2200169 454500 | ||
|---|---|---|---|
| 008 | 180718b2018 xxu||||| |||| 00| 0 eng d | ||
| 100 | _aMander, Harsh | ||
| 245 | _a25 years of economic reforms: a blotted balance sheet | ||
| 260 | _c2018 | ||
| 300 | _ap.1-13. | ||
| 362 | _aJan-Mar | ||
| 650 | _aEconomic development - India | ||
| 650 | _aEconomic reforms - India | ||
| 650 | _aEconomic reform | ||
| 773 | _aVikalpa | ||
| 909 | _a117267 | ||
| 999 |
_c117261 _d117261 |
||